| 000 | 00416nam a2200157Ia 4500 | ||
|---|---|---|---|
| 005 | 20250403142721.0 | ||
| 008 | 231217s9999 xx 000 0 und d | ||
| 020 | _a9788131400524 | ||
| 082 | _a658.152 PAD;1 R | ||
| 100 | _aPadmalatha Suresh ed. | ||
| 245 | 0 | _aProject finance : concepts and applications | |
| 260 |
_c2006 _bIcfai _aHyderabad |
||
| 300 | _axii, 296 | ||
| 650 | _aProject,finance | ||
| 942 | _cAA | ||
| 999 |
_c191007 _d191007 |
||